[Event "18.Open Seefeld"]
[Site "Seefeld / Oesterreich"]
[Date "2007.09.07"]
[Round "7"]
[White "Perkmann, Gottfried"]
[Black "Ewanno, Georg"]
[Result "1-0"]
[WhiteElo "1799"]
[BlackElo "1250"]
[PlyCount "67"]
[EventDate "2007.09.01"]
[EventType "swiss"]
[EventRounds "9"]
[EventCountry "AUT"]

1. e4 d5 2. exd5 Qxd5 3. Nc3 Qa5 4. d4 c6 5. Nf3 Bg4 6. Bc4 e6 7. Qd3 Nf6 8.
Ne5 Qc7 9. Bf4 Bd6 10. O-O Bh5 11. Rfe1 Nbd7 12. Bg3 O-O-O 13. a3 Bg6 14. Qe2
Nh5 15. f4 Rde8 16. Ne4 Bxe4 17. Qxe4 Nxg3 18. hxg3 g6 19. Nxf7 Nc5 20. Nxd6+
Qxd6 21. dxc5 Qxc5+ 22. Re3 e5 23. fxe5 Re7 24. c3 Rhe8 25. Qd4 Qb6 26. Qxb6
axb6 27. Rae1 Kc7 28. a4 c5 29. e6 Rd8 30. Rd3 Rg8 31. Red1 Kb8 32. Rd8+ Rxd8
33. Rxd8+ Ka7 34. Rd7 1-0

[Event "18.Open Seefeld"]
[Site "Seefeld / Oesterreich"]
[Date "2007.09.07"]
[Round "7"]
[White "Verwer, Renzo"]
[Black "Breedveld, Carmen"]
[Result "1-0"]
[WhiteElo "1600"]
[BlackElo "1289"]
[PlyCount "67"]
[EventDate "2007.09.01"]
[EventType "swiss"]
[EventRounds "9"]
[EventCountry "AUT"]

1. e4 e6 2. Nf3 c5 3. d4 b6 4. d5 Bb7 5. Nc3 g6 6. Bd3 Bg7 7. Nb5 d6 8. Be3 Nf6
9. c4 O-O 10. h4 Ng4 11. Ng5 Nxe3 12. fxe3 h6 13. Qg4 Nd7 14. Nxf7 Rxf7 15.
dxe6 Ne5 16. exf7+ Kh7 17. Qe2 Qf6 18. Nc3 Rf8 19. O-O-O Rxf7 20. Rdf1 Nxd3+
21. Qxd3 Qe6 22. Rf4 Kg8 23. Rxf7 Kxf7 24. Rf1+ Ke8 25. Nd5 Bxd5 26. cxd5 Qe5
27. Qb5+ Ke7 28. Rf4 g5 29. Rg4 Bf6 30. hxg5 Bxg5 31. Qa6 Bxe3+ 32. Kc2 Kf6 33.
Qc8 Qe7 34. Qf5# 1-0

[Event "18.Open Seefeld"]
[Site "Seefeld / Oesterreich"]
[Date "2007.09.07"]
[Round "7"]
[White "Masson, Wally"]
[Black "Bretscher, Robert"]
[Result "0-1"]
[WhiteElo "1290"]
[BlackElo "1656"]
[PlyCount "102"]
[EventDate "2007.09.01"]
[EventType "swiss"]
[EventRounds "9"]
[EventCountry "AUT"]

1. f4 Nf6 2. Nf3 e6 3. e3 d5 4. b3 Be7 5. Bb2 O-O 6. Be2 Nbd7 7. O-O Bc5 8. Qe1
c6 9. Ne5 Nxe5 10. fxe5 Ne8 11. Rf4 f5 12. exf6 Nxf6 13. Qf2 Be7 14. d3 Qc7 15.
Be5 Qxe5 16. d4 Qg5 17. Nd2 Qg6 18. c3 Bd6 19. Rh4 Bd7 20. Bf3 e5 21. Nf1 e4
22. Be2 Ng4 23. Rxg4 Bxg4 24. Qe1 Bxe2 25. Qxe2 Qh6 26. Ng3 Bxg3 27. hxg3 Rf6
28. Rf1 Rxf1+ 29. Qxf1 Rf8 30. Qe2 Qg5 31. g4 Rf6 32. a4 Rg6 33. a5 Qxg4 34.
Qxg4 Rxg4 35. Kf2 Kf7 36. g3 Kf6 37. Kg2 a6 38. Kh3 Kg5 39. c4 h5 40. c5 h4 41.
gxh4+ Rxh4+ 42. Kg2 Kg4 43. Kf2 Rh3 44. b4 Kf5 45. Ke2 Rf3 46. Kd2 g5 47. Ke2
g4 48. Ke1 g3 49. b5 g2 50. bxa6 bxa6 51. Ke2 g1=Q 0-1

[Event "18.Open Seefeld"]
[Site "Seefeld / Oesterreich"]
[Date "2007.09.08"]
[Round "8"]
[White "Pitl, Gregory"]
[Black "Sandhu, Mario"]
[Result "1/2-1/2"]
[WhiteElo "2387"]
[BlackElo "2338"]
[PlyCount "69"]
[EventDate "2007.09.01"]
[EventType "swiss"]
[EventRounds "9"]
[EventCountry "AUT"]

1. e4 c6 2. d4 d5 3. e5 a6 4. Be3 Qb6 5. Qc1 Bf5 6. c4 dxc4 7. Bxc4 e6 8. Ne2
Qa5+ 9. Nbc3 Ne7 10. O-O Nd7 11. a3 Qc7 12. Ng3 Nb6 13. Be2 Bg6 14. h4 h5 15.
Bg5 Nf5 16. Rd1 Nxg3 17. fxg3 Be7 18. Bd3 Bxd3 19. Rxd3 f6 20. exf6 gxf6 21.
Bf4 Qd7 22. Qe3 Nd5 23. Qe4 O-O-O 24. Na4 Bd6 25. Bxd6 Qxd6 26. Nc5 e5 27. Rb3
b6 28. Qf5+ Kb8 29. Nxa6+ Ka7 30. Nb4 exd4 31. Qf1 Nc7 32. Qf3 Nd5 33. Qd3 Nc7
34. Qf3 Nd5 35. Qd3 1/2-1/2

[Event "18.Open Seefeld"]
[Site "Seefeld / Oesterreich"]
[Date "2007.09.08"]
[Round "8"]
[White "Bayer, Bernhard"]
[Black "Fuchs, Georg"]
[Result "1-0"]
[WhiteElo "2356"]
[BlackElo "2193"]
[PlyCount "49"]
[EventDate "2007.09.01"]
[EventType "swiss"]
[EventRounds "9"]
[EventCountry "AUT"]

1. e4 e5 2. Nf3 Nf6 3. Nxe5 d6 4. Nf3 Nxe4 5. Nc3 Nxc3 6. dxc3 Be7 7. Bf4 O-O
8. Qd2 Nc6 9. O-O-O Be6 10. Bd3 Qd7 11. h3 Bxa2 12. b3 a5 13. Kb2 a4 14. Ra1
axb3 15. cxb3 Nb4 16. cxb4 Bf6+ 17. Be5 dxe5 18. Bxh7+ Kxh7 19. Qxd7 e4+ 20.
Nd4 Rfd8 21. Qf5+ Kg8 22. Qxf6 gxf6 23. Rhd1 b6 24. Nb5 c6 25. Nc3 1-0

[Event "18.Open Seefeld"]
[Site "Seefeld / Oesterreich"]
[Date "2007.09.08"]
[Round "8"]
[White "Natter, Siegfried"]
[Black "Heinig, Wolfram"]
[Result "0-1"]
[WhiteElo "2233"]
[BlackElo "2360"]
[PlyCount "72"]
[EventDate "2007.09.01"]
[EventType "swiss"]
[EventRounds "9"]
[EventCountry "AUT"]

1. e4 c6 2. d4 d5 3. exd5 cxd5 4. Bd3 Nc6 5. c3 Nf6 6. Bf4 Bg4 7. Qb3 Qc8 8.
Nd2 e6 9. Ngf3 Be7 10. O-O O-O 11. Ne5 Bh5 12. Rae1 Nxe5 13. Bxe5 Qc6 14. Re3
Bg6 15. Bxg6 hxg6 16. Qd1 b5 17. h4 Rfc8 18. g4 b4 19. h5 bxc3 20. bxc3 g5 21.
h6 gxh6 22. Rh3 Nd7 23. f4 f6 24. fxg5 fxe5 25. Rxh6 Qxc3 26. Qe2 Qg3+ 27. Kh1
Rc2 28. Rg1 Qf4 29. Qd3 e4 30. Qxc2 Bxg5 31. Qc6 Bxh6 32. Qxa8+ Nf8 33. Nb3
Qf3+ 34. Rg2 Qh3+ 35. Kg1 Be3+ 36. Kf1 Qf3+ 0-1

[Event "18.Open Seefeld"]
[Site "Seefeld / Oesterreich"]
[Date "2007.09.08"]
[Round "8"]
[White "Stoer, Andreas"]
[Black "van der Weide, Karel"]
[Result "0-1"]
[WhiteElo "2171"]
[BlackElo "2502"]
[PlyCount "80"]
[EventDate "2007.09.01"]
[EventType "swiss"]
[EventRounds "9"]
[EventCountry "AUT"]

1. c4 Nf6 2. Nf3 g6 3. g3 Bg7 4. Bg2 O-O 5. O-O d6 6. Nc3 e5 7. d3 c6 8. Rb1
Re8 9. Bg5 h6 10. Bxf6 Bxf6 11. b4 d5 12. cxd5 cxd5 13. Rc1 Nc6 14. b5 Ne7 15.
Qb3 Be6 16. Qb4 Bg7 17. Nd2 f5 18. Nb3 b6 19. d4 e4 20. e3 g5 21. Ne2 Bf8 22.
Rfd1 Ng6 23. Qd2 Bd6 24. f4 Qd7 25. a4 Re7 26. Kh1 Rg7 27. Rc6 Ne7 28. Rc2 Rf8
29. Rb1 Qe8 30. a5 Qxb5 31. Qc1 Qe8 32. axb6 axb6 33. Nd2 Qh5 34. Nf1 Rb8 35.
Nc3 Bd7 36. Nd2 gxf4 37. exf4 Rxg3 38. Nf1 Rg4 39. Ne2 Rg7 40. Ne3 Kh7 0-1

[Event "18.Open Seefeld"]
[Site "Seefeld / Oesterreich"]
[Date "2007.09.08"]
[Round "8"]
[White "Babinetz, Rainer"]
[Black "Schunk, Thomas"]
[Result "0-1"]
[WhiteElo "2139"]
[BlackElo "2346"]
[PlyCount "66"]
[EventDate "2007.09.01"]
[EventType "swiss"]
[EventRounds "9"]
[EventCountry "AUT"]

1. d4 Nf6 2. c4 c5 3. d5 b5 4. cxb5 a6 5. Nc3 axb5 6. Nxb5 d6 7. Nf3 Ba6 8. e4
Nbd7 9. Nc3 Bxf1 10. Kxf1 g6 11. g3 Bg7 12. Kg2 O-O 13. Qc2 Qb6 14. Re1 Rfb8
15. Nd2 Qa6 16. f4 c4 17. Ne2 Nc5 18. Nd4 Nd3 19. Re2 Nd7 20. e5 dxe5 21. Nc6
c3 22. Nb3 Rxb3 23. axb3 Qxa1 24. Qxd3 Qxc1 25. bxc3 exf4 26. Nxe7+ Kh8 27. Rc2
Qb1 28. Qd2 fxg3 29. hxg3 Ra1 30. Kh3 h5 31. b4 Qh1+ 32. Qh2 Qe4 33. Re2 Qg4+
0-1

[Event "18.Open Seefeld"]
[Site "Seefeld / Oesterreich"]
[Date "2007.09.08"]
[Round "8"]
[White "Vatter, Hans-Joachim"]
[Black "Thoeny, Hermann"]
[Result "1-0"]
[WhiteElo "2319"]
[BlackElo "2123"]
[PlyCount "41"]
[EventDate "2007.09.01"]
[EventType "swiss"]
[EventRounds "9"]
[EventCountry "AUT"]

1. e4 e6 2. d4 d5 3. e5 c5 4. c3 Nc6 5. Nf3 cxd4 6. cxd4 Nge7 7. Na3 Nf5 8. Nc2
Bd7 9. Bd3 Qb6 10. O-O Be7 11. Rb1 a5 12. a3 O-O 13. g4 Nh6 14. Bxh6 gxh6 15.
Qd2 f5 16. gxf5 exf5 17. Qxh6 Kh8 18. Kh1 Qb3 19. Rg1 Rg8 20. Ng5 Rg7 21. Ne6
1-0

[Event "18.Open Seefeld"]
[Site "Seefeld / Oesterreich"]
[Date "2007.09.08"]
[Round "8"]
[White "Gruber, Michael"]
[Black "Stabolewski, Andreas"]
[Result "0-1"]
[WhiteElo "2160"]
[BlackElo "2263"]
[PlyCount "54"]
[EventDate "2007.09.01"]
[EventType "swiss"]
[EventRounds "9"]
[EventCountry "AUT"]

1. e4 c5 2. Nf3 Nc6 3. d4 cxd4 4. Nxd4 Nf6 5. Nc3 d6 6. g3 Bg4 7. f3 Bd7 8. Be3
e6 9. Qd2 a6 10. g4 h6 11. O-O-O Be7 12. h4 Qc7 13. Bh3 Ne5 14. g5 hxg5 15.
hxg5 Nh5 16. Bg4 g6 17. Rh3 Nc4 18. Qd3 b5 19. Rdh1 b4 20. Nce2 Bb5 21. Nxb5
axb5 22. Kb1 Rxa2 23. Kxa2 Qa5+ 24. Kb1 Kd7 25. Nd4 Ra8 26. Nb3 Qa2+ 27. Kc1
Qa1+ 0-1

[Event "18.Open Seefeld"]
[Site "Seefeld / Oesterreich"]
[Date "2007.09.08"]
[Round "8"]
[White "Wanderer, Thomas"]
[Black "Mertens, Klaus"]
[Result "1/2-1/2"]
[WhiteElo "2215"]
[BlackElo "2090"]
[PlyCount "51"]
[EventDate "2007.09.01"]
[EventType "swiss"]
[EventRounds "9"]
[EventCountry "AUT"]

1. e4 c5 2. Nc3 Nc6 3. g3 g6 4. Bg2 Bg7 5. d3 e6 6. Be3 d6 7. Qd2 Nd4 8. Nd1
Rb8 9. c3 Nc6 10. Ne2 h5 11. h4 Nf6 12. Bg5 Qa5 13. O-O Ng4 14. f3 Nge5 15. Nf2
Bd7 16. b3 f6 17. Be3 O-O 18. Bh6 Kh7 19. Bxg7 Kxg7 20. a3 Nd4 21. Nxd4 cxd4
22. b4 dxc3 23. Qxc3 Qb6 24. f4 Rbc8 25. Qd2 Nc6 26. Rac1 1/2-1/2

[Event "18.Open Seefeld"]
[Site "Seefeld / Oesterreich"]
[Date "2007.09.08"]
[Round "8"]
[White "Shahin, Walid"]
[Black "Wempe, Juergen"]
[Result "1/2-1/2"]
[WhiteElo "2068"]
[BlackElo "2204"]
[PlyCount "115"]
[EventDate "2007.09.01"]
[EventType "swiss"]
[EventRounds "9"]
[EventCountry "AUT"]

1. d4 f5 2. c4 Nf6 3. g3 e6 4. Bg2 Be7 5. Nf3 O-O 6. O-O d6 7. Nc3 Qe8 8. b4 a5
9. b5 Nbd7 10. a4 e5 11. dxe5 dxe5 12. Nd5 Bd6 13. Qc2 Nxd5 14. cxd5 Qe7 15.
Bb2 b6 16. e4 Nc5 17. Nd2 f4 18. Qc3 Bd7 19. Nc4 Rae8 20. f3 g5 21. g4 h5 22.
h3 Kg7 23. Kf2 Nxa4 24. Rxa4 Bxb5 25. Ra2 Bc5+ 26. Ke2 Bb4 27. Qb3 Qc5 28. Rc1
a4 29. Qd3 a3 30. Rxa3 Rf6 31. Rb3 hxg4 32. hxg4 Rh6 33. Nxe5 Qe3+ 34. Kf1
Bxd3+ 35. Rxd3 Qxc1+ 36. Bxc1 Rxe5 37. Bb2 Kf6 38. Rd1 Bd6 39. Ra1 Rh8 40. Kg1
Bc5+ 41. Kf1 b5 42. Ra5 Rb8 43. Ke2 Bd6 44. Kd3 Kf7 45. Bxe5 Bxe5 46. Kc2 Rh8
47. Kb3 Rh2 48. Ra2 Kf6 49. Bf1 Rh1 50. Bxb5 Rb1+ 51. Ka4 Bd6 52. Rd2 Ra1+ 53.
Kb3 Ra3+ 54. Kc4 Rxf3 55. Rd3 Rxd3 56. Kxd3 Ke5 57. Bc6 Bc5 58. Ke2 1/2-1/2

[Event "18.Open Seefeld"]
[Site "Seefeld / Oesterreich"]
[Date "2007.09.08"]
[Round "8"]
[White "Pregl, Walter"]
[Black "Jaenig, Reinhard"]
[Result "1-0"]
[WhiteElo "2046"]
[BlackElo "2176"]
[PlyCount "59"]
[EventDate "2007.09.01"]
[EventType "swiss"]
[EventRounds "9"]
[EventCountry "AUT"]

1. e4 c5 2. Nf3 e6 3. d3 d5 4. Nbd2 Nc6 5. g3 Nf6 6. Bg2 b6 7. O-O Bb7 8. Re1
g6 9. e5 Nd7 10. c3 Bg7 11. d4 cxd4 12. cxd4 O-O 13. Nf1 h6 14. h4 Rc8 15. Bf4
Kh7 16. Qd2 Qe7 17. Ne3 Qb4 18. Qd3 Ne7 19. Qb1 Ba6 20. Bh3 Rh8 21. h5 Kg8 22.
hxg6 Nxg6 23. Nxd5 Qa4 24. Nc3 Qc6 25. d5 exd5 26. e6 Nxf4 27. gxf4 Nf8 28.
exf7+ Kxf7 29. Qf5+ Bf6 30. Ne5+ 1-0

[Event "18.Open Seefeld"]
[Site "Seefeld / Oesterreich"]
[Date "2007.09.08"]
[Round "8"]
[White "Breedveld, Andre"]
[Black "Stock, Juergen"]
[Result "1-0"]
[WhiteElo "2151"]
[BlackElo "2074"]
[PlyCount "153"]
[EventDate "2007.09.01"]
[EventType "swiss"]
[EventRounds "9"]
[EventCountry "AUT"]

1. c4 e6 2. g3 d5 3. Bg2 c6 4. Nf3 Bd6 5. O-O f5 6. b3 Nf6 7. Ba3 O-O 8. Qc1
Bxa3 9. Nxa3 Nbd7 10. Qb2 Qe8 11. d4 Qh5 12. Nc2 g5 13. Nce1 f4 14. Nd3 fxg3
15. fxg3 Ng4 16. h3 Ne3 17. g4 Qh6 18. Rf2 Nf6 19. Nfe5 Nxg2 20. Kxg2 Qg7 21.
Raf1 h6 22. e3 dxc4 23. bxc4 b6 24. Qa3 Bb7 25. c5 b5 26. Qb3 Rae8 27. Kg1 a5
28. Qc3 a4 29. Nb4 Ne4 30. Rxf8+ Rxf8 31. Rxf8+ Qxf8 32. Qc2 Ng3 33. Qg6+ Qg7
34. Qxe6+ Kh7 35. Qf7 Ne2+ 36. Kf2 Nc3 37. Qxg7+ Kxg7 38. Kf3 Kf6 39. e4 a3 40.
Ke3 Ke6 41. Ned3 Bc8 42. Nf2 Kd7 43. Kd3 Na4 44. Kc2 Nb2 45. Kb3 Nc4 46. Kc3
Kc7 47. Nh1 Be6 48. Ng3 Ne3 49. Nf5 Nd1+ 50. Kd2 Nf2 51. Ke3 Nxh3 52. Nxh6 Nf4
53. Nf5 Kd7 54. Kf3 Bc4 55. Ne3 Be2+ 56. Kg3 Nd3 57. Nec2 Nc1 58. Nxa3 Bd1 59.
d5 Ne2+ 60. Kf2 Nc3 61. Nxc6 Nxe4+ 62. Ke1 Ba4 63. Ne5+ Kc8 64. c6 b4 65. Nac4
b3 66. axb3 Bxb3 67. d6 Nxd6 68. Nxd6+ Kb8 69. Nb5 Ba4 70. Nd4 Kc7 71. Nc4 Kd8
72. Kd2 Kc7 73. Ne3 Kd6 74. Kd3 Kc5 75. Ke4 Kd6 76. Kf5 Kc5 77. Nec2 1-0

[Event "18.Open Seefeld"]
[Site "Seefeld / Oesterreich"]
[Date "2007.09.08"]
[Round "8"]
[White "Pieper, Harald"]
[Black "Kesik, Klaus-Dieter"]
[Result "0-1"]
[WhiteElo "2043"]
[BlackElo "2332"]
[PlyCount "82"]
[EventDate "2007.09.01"]
[EventType "swiss"]
[EventRounds "9"]
[EventCountry "AUT"]

1. f4 d5 2. Nf3 Nf6 3. e3 g6 4. d4 Bg7 5. Bd3 O-O 6. Nbd2 b6 7. O-O c5 8. c3
Ba6 9. Bxa6 Nxa6 10. Qe2 Qc8 11. e4 dxe4 12. Nxe4 cxd4 13. Nxf6+ Bxf6 14. Nxd4
e6 15. Be3 Nc7 16. Nc2 Qa6 17. Qxa6 Nxa6 18. Bd4 Be7 19. Rad1 Rfd8 20. Rfe1
Rac8 21. Ne3 h5 22. Kf1 Nc5 23. Bxc5 Bxc5 24. Rxd8+ Rxd8 25. Rd1 Rxd1+ 26. Nxd1
Kg7 27. Nf2 Be3 28. Nd3 g5 29. g3 gxf4 30. gxf4 Kf6 31. Ke2 Bg1 32. Kf3 Kf5 33.
h3 f6 34. a4 e5 35. fxe5 fxe5 36. Ne1 e4+ 37. Kg2 Be3 38. Nc2 Kf4 39. b4 a5 40.
Na3 Bd2 41. bxa5 bxa5 0-1

[Event "18.Open Seefeld"]
[Site "Seefeld / Oesterreich"]
[Date "2007.09.08"]
[Round "8"]
[White "Jandke, Manfred"]
[Black "Moes, Waldemar"]
[Result "1-0"]
[WhiteElo "2201"]
[BlackElo "2024"]
[PlyCount "113"]
[EventDate "2007.09.01"]
[EventType "swiss"]
[EventRounds "9"]
[EventCountry "AUT"]

1. Nf3 d5 2. d4 e6 3. g3 c5 4. Bg2 cxd4 5. Nxd4 Nc6 6. O-O Bc5 7. Nb3 Be7 8.
Nc3 Nf6 9. e4 Nxe4 10. Nxe4 dxe4 11. Bxe4 O-O 12. Be3 Qc7 13. Qe2 b6 14. Qc4
Bb7 15. Rad1 Rac8 16. Qb5 Rfd8 17. c3 Bf6 18. Bf4 e5 19. Be3 Nd4 20. Bxh7+ Kxh7
21. cxd4 Bf3 22. Rc1 Qd6 23. Rxc8 Rxc8 24. dxe5 Bxe5 25. Bd4 Bxd4 26. Qf5+ Kh6
27. Qxf3 Bxb2 28. Qxf7 a5 29. Qf5 Rc4 30. Re1 Bf6 31. Qf3 a4 32. Nc1 Qd2 33.
Qd1 Bg5 34. Re6+ g6 35. Qxd2 Bxd2 36. Ne2 Rc2 37. Rxb6 Rxa2 38. Nd4 Bc3 39.
Nf5+ Kg5 40. Ne3 Bd4 41. Rb5+ Kh6 42. Ng4+ Kg7 43. Rb7+ Kg8 44. Rb4 Ra1+ 45.
Kg2 Bc3 46. Rb8+ Kf7 47. Ra8 a3 48. Ne3 Ke6 49. h4 Bb2 50. Ra6+ Kf7 51. Nc4 Ra2
52. Kh3 Bc1 53. f4 Rc2 54. Nxa3 Rc3 55. Nb5 Rb3 56. Nd4 Rd3 57. Ne6 1-0

[Event "18.Open Seefeld"]
[Site "Seefeld / Oesterreich"]
[Date "2007.09.08"]
[Round "8"]
[White "Kainrath, Florian"]
[Black "Schlosser, Andree"]
[Result "1/2-1/2"]
[WhiteElo "2061"]
[BlackElo "2200"]
[PlyCount "173"]
[EventDate "2007.09.01"]
[EventType "swiss"]
[EventRounds "9"]
[EventCountry "AUT"]

1. e4 d6 2. d4 Nf6 3. Nc3 c6 4. Bg5 Qa5 5. Qd2 b5 6. Bd3 b4 7. Nce2 Ba6 8. Nf3
Bxd3 9. Qxd3 e6 10. O-O d5 11. Bxf6 gxf6 12. exd5 cxd5 13. Nf4 Be7 14. Nh5 Nd7
15. a3 bxa3 16. bxa3 Rc8 17. Rfb1 Nb6 18. Rb3 Qa4 19. Rc1 Qc4 20. Qe3 h6 21.
Qf4 f5 22. Ne5 Qc7 23. h4 Nd7 24. Rg3 Nxe5 25. dxe5 Qc4 26. Qxc4 Rxc4 27. Rb1
Bxh4 28. Rb8+ Bd8 29. Nf6+ Ke7 30. Rgb3 Rc7 31. R3b7 Rxb7 32. Rxb7+ Kf8 33.
Rxa7 Kg7 34. Ra8 Kg6 35. Nd7 Kh7 36. Kf1 Bc7 37. Rxh8+ Kxh8 38. Ke2 Kg7 39. Kd3
f4 40. Kd4 h5 41. Kc5 Kg6 42. f3 Kg5 43. Kc6 Ba5 44. Kb5 Bc3 45. a4 Kh4 46. a5
Bxa5 47. Kxa5 Kg3 48. Nf6 Kxg2 49. Nxh5 Kxf3 50. Kb4 Ke4 51. c4 dxc4 52. Kxc4
Kxe5 53. Kd3 Kf5 54. Ng7+ Kg4 55. Ke2 e5 56. Ne8 Kg3 57. Nf6 Kg2 58. Ng4 e4 59.
Nf2 f5 60. Nd1 f3+ 61. Ke3 Kg1 62. Nc3 Kf1 63. Nd5 Kg2 64. Nf4+ Kg1 65. Nh3+
Kf1 66. Nf4 Ke1 67. Nh3 Kf1 68. Nf4 Kg1 69. Nh3+ Kh2 70. Nf4 Kg3 71. Nh5+ Kg4
72. Nf6+ Kg5 73. Nd5 Kg6 74. Kf4 f2 75. Ne3 Kf6 76. Kg3 Ke5 77. Kxf2 f4 78. Nc2
Kd5 79. Ke2 Kc4 80. Ne3+ fxe3 81. Kxe3 Kd5 82. Ke2 Kd4 83. Kd2 e3+ 84. Ke2 Ke4
85. Ke1 Kd3 86. Kd1 e2+ 87. Ke1 1/2-1/2

[Event "18.Open Seefeld"]
[Site "Seefeld / Oesterreich"]
[Date "2007.09.08"]
[Round "8"]
[White "Stuch, Hans-Ferdinand"]
[Black "Storkebaum, Karl-Heinrich"]
[Result "1/2-1/2"]
[WhiteElo "1602"]
[BlackElo "2038"]
[PlyCount "95"]
[EventDate "2007.09.01"]
[EventType "swiss"]
[EventRounds "9"]
[EventCountry "AUT"]

1. d4 d5 2. Nf3 Nf6 3. Bg5 e6 4. e3 Be7 5. Bd3 b6 6. O-O Bb7 7. Ne5 O-O 8. Nd2
Nbd7 9. f4 Ne4 10. Bxe7 Qxe7 11. c3 f5 12. Rf3 c5 13. Rh3 Nxe5 14. fxe5 g6 15.
Qe2 f4 16. Bxe4 dxe4 17. exf4 Rxf4 18. g3 Rf7 19. Nxe4 Bxe4 20. Qxe4 Raf8 21.
Re1 Qd7 22. d5 Qxd5 23. Qxd5 exd5 24. e6 Re7 25. g4 Rd8 26. Rd3 g5 27. Kf2 h6
28. Kg3 Kg7 29. h4 Rd6 30. hxg5 hxg5 31. Re5 Kf6 32. Rf5+ Kxe6 33. Rxg5 Rf7 34.
Re3+ Kd7 35. Rge5 d4 36. cxd4 cxd4 37. Rd3 Kc6 38. Re2 Kd5 39. Red2 Ke4 40. Rd1
Rc7 41. R1d2 Rc1 42. Kf2 Rh1 43. Kg2 Re1 44. Kf2 Re3 45. Rb3 Rxb3 46. axb3 d3
47. Ke1 Ke3 48. g5 1/2-1/2

[Event "18.Open Seefeld"]
[Site "Seefeld / Oesterreich"]
[Date "2007.09.08"]
[Round "8"]
[White "Willin, Bernhard"]
[Black "Sucher, Johannes"]
[Result "0-1"]
[WhiteElo "2002"]
[BlackElo "2197"]
[PlyCount "56"]
[EventDate "2007.09.01"]
[EventType "swiss"]
[EventRounds "9"]
[EventCountry "AUT"]

1. d4 d5 2. Nf3 Nf6 3. e3 Bg4 4. c4 c6 5. Qb3 Qc8 6. Ne5 e6 7. Nxg4 Nxg4 8. Be2
f5 9. Nc3 Nd7 10. f4 h5 11. Bd2 Be7 12. Rc1 Qb8 13. Bd3 g6 14. O-O Bh4 15. cxd5
exd5 16. Nxd5 cxd5 17. Qxd5 Be7 18. Rc2 Ngf6 19. Qb3 Kf8 20. Rfc1 Kg7 21. Rc7
Re8 22. Rxb7 Qd6 23. Bb4 Qd5 24. Bxe7 Rxe7 25. Bc4 Qe4 26. Re1 Ng4 27. Bd5 Qxf4
28. Rf1 Qxh2# 0-1

[Event "18.Open Seefeld"]
[Site "Seefeld / Oesterreich"]
[Date "2007.09.08"]
[Round "8"]
[White "Schulze, Joachim"]
[Black "Niebergall, Gerhard"]
[Result "0-1"]
[WhiteElo "1996"]
[BlackElo "2136"]
[PlyCount "70"]
[EventDate "2007.09.01"]
[EventType "swiss"]
[EventRounds "9"]
[EventCountry "AUT"]

1. e4 c5 2. Nf3 g6 3. d4 cxd4 4. Nxd4 Nc6 5. Nc3 Bg7 6. Nb3 Nf6 7. Be3 O-O 8.
Be2 d6 9. O-O Be6 10. f4 Qc8 11. Kh1 Rd8 12. Bf3 Bc4 13. Re1 e5 14. Qd2 exf4
15. Bxf4 Ne5 16. Rad1 b6 17. Be2 Nfg4 18. Rf1 Bxe2 19. Qxe2 Qc4 20. h3 Qxe2 21.
Nxe2 Nf6 22. Bg5 Nxe4 23. Bxd8 Rxd8 24. Nbd4 Bh6 25. Nf3 Nc4 26. Rd4 d5 27. Kh2
Ne3 28. Rb1 Nxc2 29. Ra4 a5 30. Nfd4 Nc5 31. Nc6 Re8 32. Rh4 Rxe2 33. Rxh6 d4
34. Rd1 d3 35. Rh4 Ne3 0-1

[Event "18.Open Seefeld"]
[Site "Seefeld / Oesterreich"]
[Date "2007.09.08"]
[Round "8"]
[White "Schmidt, Juergen"]
[Black "Hofer, Franz"]
[Result "0-1"]
[WhiteElo "2130"]
[BlackElo "2051"]
[PlyCount "48"]
[EventDate "2007.09.01"]
[EventType "swiss"]
[EventRounds "9"]
[EventCountry "AUT"]

1. e4 e6 2. d4 d5 3. Nc3 Nf6 4. Bg5 Bb4 5. e5 h6 6. Bd2 Bxc3 7. Bxc3 Ne4 8. Bd3
Nxc3 9. bxc3 c5 10. Qg4 O-O 11. h4 Qa5 12. Rd1 Qxc3+ 13. Kf1 c4 14. Rh3 cxd3
15. Rg3 g6 16. Nh3 Qxc2 17. Rdxd3 b6 18. Kg1 Ba6 19. Nf4 Bxd3 20. Rxd3 Kh7 21.
h5 g5 22. Rf3 Qb1+ 23. Kh2 Qf5 24. Qg3 gxf4 0-1

[Event "18.Open Seefeld"]
[Site "Seefeld / Oesterreich"]
[Date "2007.09.08"]
[Round "8"]
[White "Nedelchev, Nikolai"]
[Black "Rahn, Oskar"]
[Result "0-1"]
[WhiteElo "1980"]
[BlackElo "2122"]
[PlyCount "58"]
[EventDate "2007.09.01"]
[EventType "swiss"]
[EventRounds "9"]
[EventCountry "AUT"]

1. e4 e5 2. Nf3 Nc6 3. Bb5 a6 4. Ba4 Nf6 5. Qe2 b5 6. Bb3 Bc5 7. c3 d6 8. O-O
O-O 9. h3 Bb7 10. d3 Ne7 11. Be3 Bxe3 12. Qxe3 Ng6 13. g3 Qd7 14. Kg2 c5 15.
Nbd2 Rac8 16. d4 exd4 17. cxd4 Rfe8 18. Ng5 c4 19. Bc2 h6 20. Ngf3 Nd5 21. Qa3
b4 22. Qa5 Ndf4+ 23. gxf4 Nxf4+ 24. Kg3 Ne2+ 25. Kh2 c3 26. bxc3 bxc3 27. Nb3
Bxe4 28. Bxe4 Rxe4 29. Qd5 Nf4 0-1

[Event "18.Open Seefeld"]
[Site "Seefeld / Oesterreich"]
[Date "2007.09.08"]
[Round "8"]
[White "Helbig, Dieter"]
[Black "Maurer, Rainer"]
[Result "0-1"]
[WhiteElo "1863"]
[BlackElo "2117"]
[PlyCount "120"]
[EventDate "2007.09.01"]
[EventType "swiss"]
[EventRounds "9"]
[EventCountry "AUT"]

1. c4 Nf6 2. g3 d6 3. Bg2 g6 4. Nc3 Bg7 5. d4 O-O 6. Nf3 c6 7. O-O Nbd7 8. Qc2
e5 9. dxe5 dxe5 10. Rd1 Qe7 11. a4 a5 12. Bg5 h6 13. Be3 Ng4 14. Bd2 f5 15. Nh4
Qc5 16. e3 Kh7 17. b3 e4 18. Nxe4 fxe4 19. Qxe4 Ndf6 20. Qxg6+ Kg8 21. Bc3 Qg5
22. Qxg5 hxg5 23. Ng6 Re8 24. h3 Bf5 25. hxg4 Bxg6 26. Rd6 Kf7 27. b4 axb4 28.
Bxb4 Red8 29. a5 Rxd6 30. Bxd6 Ne8 31. Rd1 Rxa5 32. Bb4 Ra1 33. Rxa1 Bxa1 34.
f4 Bd3 35. c5 Nf6 36. Bf3 Be4 37. Kf2 Bxf3 38. Kxf3 Nd5 39. Bd2 Bc3 40. Ke2
Bxd2 41. Kxd2 Nf6 42. Kd3 gxf4 43. gxf4 Nxg4 44. e4 Ke6 45. Kd4 Kf6 46. Kd3
Nf2+ 47. Ke3 Nd1+ 48. Kd2 Nf2 49. Ke3 Ng4+ 50. Kd4 Nh6 51. Kc4 Ke6 52. Kd4 Ng8
53. Kc4 Nh6 54. Kd4 Nf7 55. Kd3 Nd8 56. Kd4 Kf6 57. Kc4 Ne6 58. Kb4 Nxf4 59.
Ka5 Ne6 60. Kb6 Nxc5 0-1

[Event "18.Open Seefeld"]
[Site "Seefeld / Oesterreich"]
[Date "2007.09.08"]
[Round "8"]
[White "Kammers, Heribert"]
[Black "Schnegg, Daniel"]
[Result "0-1"]
[WhiteElo "2104"]
[BlackElo "2012"]
[PlyCount "84"]
[EventDate "2007.09.01"]
[EventType "swiss"]
[EventRounds "9"]
[EventCountry "AUT"]

1. d4 Nf6 2. c4 g6 3. Nc3 Bg7 4. e4 d6 5. f4 O-O 6. Nf3 c5 7. d5 e6 8. Be2 exd5
9. cxd5 Re8 10. Nd2 Na6 11. O-O Nc7 12. a4 b6 13. Re1 Bb7 14. Bf3 Qe7 15. e5
Nfxd5 16. Nxd5 Nxd5 17. Nc4 dxe5 18. fxe5 Rad8 19. Nd6 Rxd6 20. Bg5 Qxg5 21.
exd6 Bd4+ 22. Qxd4 Rxe1+ 23. Rxe1 cxd4 24. Re8+ Kg7 25. d7 Qc1+ 26. Kf2 Bc6 27.
d8=Q Bxe8 28. Qxe8 Qe3+ 29. Qxe3 Nxe3 30. Kg3 g5 31. Kf2 f5 32. Ke2 Kf6 33. Kd3
Ke5 34. b4 g4 35. Bb7 f4 36. a5 h5 37. axb6 axb6 38. Bc6 h4 39. h3 f3 40. gxf3
gxh3 41. f4+ Kxf4 42. Kxd4 Ng2 0-1

[Event "18.Open Seefeld"]
[Site "Seefeld / Oesterreich"]
[Date "2007.09.08"]
[Round "8"]
[White "Russ, Colin"]
[Black "Schumacher, Helmut"]
[Result "0-1"]
[WhiteElo "1967"]
[BlackElo "2103"]
[PlyCount "44"]
[EventDate "2007.09.01"]
[EventType "swiss"]
[EventRounds "9"]
[EventCountry "AUT"]

1. d4 d5 2. Nf3 c6 3. c4 e6 4. Nc3 Nf6 5. Bg5 dxc4 6. Bxf6 Qxf6 7. a4 Bb4 8.
Rc1 b5 9. e3 Nd7 10. g3 Bb7 11. Bg2 Rb8 12. axb5 cxb5 13. O-O Bxc3 14. Rxc3 O-O
15. Nd2 Bxg2 16. Kxg2 a5 17. b3 cxb3 18. Rxb3 e5 19. dxe5 Nxe5 20. Qe2 Rfc8 21.
Rxb5 Qc6+ 22. Nf3 Rxb5 0-1